| 000 | 00555nam a22001937a 4500 | ||
|---|---|---|---|
| 003 | koha_MIRAKIL | ||
| 005 | 20250204094852.0 | ||
| 008 | 231213b |||||||| |||| 00| 0 ||| d | ||
| 020 | _a9780435996130 | ||
| 040 |
_aTR-IsEVY _btur _cTR-IsEVY |
||
| 082 | _a333 SPI/C | ||
| 100 | _aSpilsbury, Louise | ||
| 245 | 0 |
_aCaring for our world / _cLouise Spilsbury. |
|
| 260 |
_bCambridge, _c2009 |
||
| 300 | _a16 p. | ||
| 490 | 0 | _aPearson Baccalaureate PYP Readers. | |
| 650 |
_aNatural resources. _vEnvironment. _vÇevre. _vDoğal Kaynaklar. |
||
| 942 |
_2ddc _cBK |
||
| 999 |
_c6539 _d6539 |
||